Datum a čas kvízu
25.5
Celkem bodů
Celkový počet nahraných bodů na tomto kvízu bez doplňovacích otázek.
15.
Pořadí na kvízu
Konečné umístění týmu na tomto kvízu.
Zaznamenané odpovědi
| # | Otázka | Odpověď | Body | Výsledky |
|---|---|---|---|---|
| 1. | V sobotu začal na pražském Výs... | Matějská pouť | 0 | |
| 2. | V Německu se v neděli konaly p... | CDU/CSU, Friedrich Merz | 1 | |
| 3. | Minulý týden odstartovala na T... | 4. řada, Suzuki | 0.5 | |
| 4. | Cestovatelský server Tripadvis... | Řecko | 1 | |
| 5. | Minulý týden v pátek se konalo... | Connor McDavid | 1 | |
| 6. | Nyní se od aktualit přesuneme... | 1B 2A 3D 4C | 0 | |
| 7. | Mladší generace éru druhohor p... | sauropodi (Sauropoda) | 0 | |
| 8. | Většina fosilií dinosaurů byla... | Burianosaurus augustai | 0.5 | |
| 9. | Americký spisovatel a scenáris... | Michael Crichton | 0 | |
| 10. | Na fotce vidíme mumii a rekons... | Ötzi | 1 |